000 00542nam a2200205Ia 4500
003 BUBTL
008 151213s9999 xx 000 0 und d
020 _a8176635979
082 _a657.42/ J1992p/ 2000
100 _aJain, S.P.
245 _aPractical problems in cost accounting :
_cS.P. Jain & Narang
250 _a10th
260 _aNew Delhi
_bKalyani
_cc2000
300 _a22cm.
650 _aAccounting
700 _aS.P. Jain & Narang
_94472
856 _k0
_l0
_yDownload
942 _2ddc
_cBK
999 _c933
_d933